[Event "Wasselonne op 7th"]
[Site "Wasselonne"]
[Date "2013.08.01"]
[Round "1"]
[White "Charlier, Jonathan"]
[Black "Chernov, Vadim A"]
[Result "0-1"]
[WhiteElo "1760"]
[BlackElo "2450"]
[PlyCount "87"]
[EventDate "2013.08.01"]
[EventType "swiss"]
[EventRounds "7"]
[EventCountry "FRA"]
[SourceTitle "CBM 155 Extra"]
[Source "ChessBase"]
[SourceDate "2013.08.26"]
[SourceVersion "1"]
[SourceVersionDate "2013.08.26"]
[SourceQuality "1"]

1. Nf3 Nf6 2. d4 e6 3. c4 Nc6 4. Nc3 Bb4 5. Qc2 d6 6. a3 Bxc3+ 7. bxc3 0-0 8. e4 e5 9. Be2 Qe7 10. d5 Nb8 11. Bg5 Nbd7 12. Nh4 Nc5 13. Nf5 Bxf5 14. exf5 e4 15. 0-0 Rfe8 16. Be3 Nfd7 17. Rab1 a5 18. Kh1 a4 19. Rb4 b6 20. Bd1 Ra5 21. g4 Rea8 22. g5 Ne5 23. Rg1 f6 24. Rb1 Nxc4 25. gxf6 Qxf6 26. Bd4 Ne5 27. Bg4 Rf8 28. Rg3 Nb3 29. Rxb3 axb3 30. Qxb3 Qe7 31. Bh3 Rf7 32. c4 Ra8 33. Qc2 Nf3 34. Bb2 Raf8 35. f6 Rxf6 36. Bxf6 Qxf6 37. Be6+ Kh8 38. Qc1 Nd4 39. Qe3 Nxe6 40. dxe6 Qxe6 41. Qd4 Qf6 42. Qxe4 Qxf2 43. Qd3 g6 44. Re3 0-1